=LDR 00000nam 2200000 4500 =001 INLIS000000000024676 =005 20201125122250 =035 ##$$a 0010-061300000024676 =008 201125################g##########0#ind## =041 ##$$a Ind =082 ##$$a 330.959 8 =090 ##$$a 330.959 8, Hil t =100 ##$$a Hill, Hal =245 1#$$a Transformasi ekonomi indonesia sejak 1966 : $b Sebuah studi krisis dan komprehensif /$c Hal Hill =260 ##$$a Yogyakarta :$b Tiara Wacana,$c 1996 =300 ##$$a xxiii, 393 hlm. : $b ilus ; $c 22 x 16 cm. =650 #4$$a Indonesia - Keadaan Ekonomi =850 ##$$a NBPNMAT =020 ##$$a 979-8120-67-1 =084 ##$$a 330.959 8 HIL t =250 ##$$a cet. 1 =990 ##$$a 104.668/Pro.96 =990 ##$$a 112.671/Pro.97 =990 ##$$a 112.671/Pro.97 =990 ##$$a 104.668/Pro.96